000 00412nam a2200157Ia 4500
008 230917s9999||||xx |||||||||||||| ||und||
020 _cGBP0.65
040 _e42630
_aMAIN
041 _aEnglish
082 _a942 H882H
100 _aHume, David
245 0 _aHistory of Great Britain : The reigns of James 1 and Charles 1
260 _aHarmondsworth
_bPenguin Books
_c1970
300 _a690 p.
942 _cBK
999 _c187499
_d187499